000 00425nam a22001337a 4500
008 161115b xxu||||| |||| 00| 0 eng d
050 _aDL631.N53 1980
100 _aNilsson,Nils Gunnar
_927455
245 _aSwedish cultural policy in the 20th century
_c/ Nils Gunnar Nilsson
260 _aStockholm
_bSwedish Institute
_c1980
300 _a95p.;
_c20cm.
650 _aSweden
_xCultural policy
_927456
942 _2lcc
_cMONOGRAPH
999 _c125729
_d125729